Совершенствование конструкции крестообразного твэла для повышения его теплотехнических характеристик; Атомная энергия; Т. 98, вып. 4

Bibliographic Details
Parent link:Атомная энергия: теоретический и научно-технический журнал/ Российская академия наук ; Министерство РФ по атомной энергии, ядерного общества.— , 1956-.— 0004-7163
Т. 98, вып. 4.— 2005.— с. 274-280
Main Author: Федосеев В. Е.
Other Authors: Цыканов В. А., Старков В. А.
Language:Russian
Published: 2005
Series:Статьи
Subjects:
Format: MixedMaterials Book Chapter
KOHA link:https://koha.lib.tpu.ru/cgi-bin/koha/opac-detail.pl?biblionumber=426228

MARC

LEADER 00000naa2a2200000 4500
001 426228
005 20231101074513.0
035 |a (RuTPU)RU\TPU\prd\84953 
035 |a RU\TPU\prd\36831 
090 |a 426228 
100 |a 20100701a2005 k y0rusy50 ca 
101 0 |a rus 
102 |a RU 
200 1 |a Совершенствование конструкции крестообразного твэла для повышения его теплотехнических характеристик  |f В. Е. Федосеев, В. А. Цыканов, В. А. Старков 
225 1 |a Статьи 
320 |a Библиогр.: 7 назв. 
461 0 |0 (RuTPU)RU\TPU\prd\33  |x 0004-7163  |t Атомная энергия  |o теоретический и научно-технический журнал  |f Российская академия наук ; Министерство РФ по атомной энергии, ядерного общества  |d 1956- 
463 0 |0 (RuTPU)RU\TPU\prd\84948  |t Т. 98, вып. 4  |v с. 274-280  |d 2005 
610 1 |a крестообразные твэлы 
610 1 |a теплотехнические характеристики 
610 1 |a реакторы 
610 1 |a центральные вытеснители 
610 1 |a сердечники 
610 1 |a тепловые потоки 
610 1 |a плотность 
675 |a 621.039.546  |v 3 
700 1 |a Федосеев  |b В. Е. 
701 1 |a Цыканов  |b В. А. 
701 1 |a Старков  |b В. А. 
801 1 |a RU  |b 63413507  |c 20050623  |g PSBO 
801 2 |a RU  |b 63413507  |c 20100701  |g RCR 
942 |c BK